1609 1694 1417 1736 1909 1577 1854 1865 1854 1898 1329 1662 1965 1362 1745 1953 1563 1009 1969 1709 1113 1463 1995 1452 1085 1095 1172 1209 1550 1086 1763 1648 1685 1305 1402 1532 1299 1483 1323 1141 1284 1823 1994 1593 1603 1838 1718 1692 1143 1057 1011 1061 1584 1603 1478 1314 1981 1219 1169 1517 1491 1138 1841 1612 1828 1530 1258 1149 1134 1748 1496 1375 1199 1451 1407 1140 1323 1107 1109 1147 1388 1776 1268 1488 1678 1015 1298 1651 1986 1866 1069 1290 1285 1555 1116 1331 1381 1150 1032 BCNSPRNW ULIB Ver.6.0+V

เปลี่ยนเป็นภาษาไทย

Change to English
 แสดงรายละเอียดบรรณานุกรม
  กลับหน้าหลัก

Brief Record : Get Marc (ISO 2709) : E-mail record : QR code < ปิดหน้าต่าง
LEADER : 00000nam 2200000uu 4500
001    13399127421
003     ULIB
008    200520s2562||||th 000 0 tha d
020    ู^a9786163883834
050  0 ^aนว^bว321ส
100    ^aวราภา
245    ^aสะพานสายรุ้ง
250    ^aพิมพ์ครั้งที่ 2
260    ^aกรุงเทพฯ :^bแสงดาว,^c2562
300    ^a456 หน้า;^b21 ซม.
650    ^aนวนิยาย
945    ^p370^l0^i007095
999    ^aประนอม เกษจรัล
รายการนี้ยังไม่มีแท็ก
คุณยังไม่ได้ล็อกอิน คุณสามารถมีกิจกรรมร่วมกับเว็บไซต์ได้ แต่ต้องล็อกอินก่อน ::
  ล็อกอิน

รายการสื่อสารสนเทศ

ลำดับที่ ประเภท เลขเรียก/บาร์โค้ด สถานที่ สถานะ
1. นวนิยาย
นวนิยาย
นว ว321ส ฉ.1 
  Barcode: 007095
ห้องสมุดวิทยาเขตสวรรค์ประชารักษ์
►หนังสือทั่วไป
บนชั้น

รายการใกล้เคียง
    ชื่อเรื่อง [สะพานสายรุ้ง]

    ผู้แต่ง [วราภา]

    หัวเรื่อง [นวนิยาย]

BibComment


ยังไม่เคยถูกคอมเมนท์

คอมเมนท์ทรัพยากรรายการนี้
  คอมเมนท์: สะพานสายรุ้ง


 Copyright 2026. Bcnsprnw @Library